|
|
|
|
| LEADER |
00000nam0a2200000 4500 |
| 001 |
37219 |
| 005 |
20231031003707.0 |
| 010 |
|
|
|a 0732621348
|
| 035 |
|
|
|a (RuTPU)RU\TPU\book\37777
|
| 090 |
|
|
|a 37219
|
| 100 |
|
|
|a 20011226d2000 k y0engy50 ba
|
| 101 |
0 |
|
|a eng
|
| 102 |
|
|
|a au
|
| 105 |
|
|
|a a z 100zy
|
| 200 |
1 |
|
|a 2nd Global congress on engineering educanion
|e Wismar, Federal Republic of Germany, 2-7 July 2000
|f Global Congress on Engineering Education; UNESCO International Centre for Engineering Education; Под ред. Z. J. Pudlowski
|
| 210 |
|
|
|a Australia
|c Unesco
|d 2000
|
| 215 |
|
|
|a 495 p.
|c il.
|
| 610 |
1 |
|
|a инженерное дело
|
| 610 |
1 |
|
|a инженеры
|
| 610 |
1 |
|
|a подготовка
|
| 610 |
1 |
|
|a конгресс
|
| 610 |
1 |
|
|a ФРГ
|
| 610 |
1 |
|
|a английский язык
|
| 675 |
|
|
|a 62.007(063)
|v 3
|
| 702 |
|
1 |
|a Pudlowski
|b Z. J.
|g Zenon J.
|4 340
|
| 712 |
1 |
2 |
|a Global Congress on Engineering Education
|d 2
|e Wismar
|f 2000
|
| 712 |
0 |
2 |
|a UNESCO International Centre for Engineering Education
|
| 801 |
|
1 |
|a RU
|b 63413507
|c 20011226
|g PSBO
|
| 801 |
|
2 |
|a RU
|b 63413507
|c 20050609
|g PSBO
|
| 942 |
|
|
|c BK
|